000 00522nam a2200145Ia 4500
008 090124s9999 xx 000 0 und d
082 _b41483
245 _a प्रकाशयात्री जयप्रकाश
250 _a0
260 _b"अजब पुस्तकालय, कोल्हापूर-2"
_c1977
300 _a108
630 _a प्रकाशयात्री जयप्रकाश
730 _a प्रकाशयात्री जयप्रकाश
942 _cBOOK
999 _c107625
_d107625